000 00765nam a2200229Ia 4500
003 PILC
005 20150511162403.0
008 140609s9999 xx 000 0 und d
020 _a9715844405
020 _a9789715844406
050 _aPE 1112
_b.Sa196 2006
100 _aSan Miguel, J. G.
245 _aSmart english :
_bmore than a worktext forgrammar and syntax /
_cJ. G. San Miguel, D. C. T. Barraquio, R. DV. Revilla.
260 _aQuezon City, Philippines :
_bC&E Publishing, Inc.,
_c2006.
300 _a290 pages :
_billustrations ;
_c26 cm.
500 _aIncludes glossary, index and bibliographical references.
650 _aEnglish.
700 _aBarraquio, D. C. T.
700 _aRevilla, R. DV.
942 _cBK
_2lcc
999 _c283966
_d283966